000 00358nam a2200145Ia 4500
003 LK-CoDNM
008 010623t1923 xxu||||| |||| 00| 1 eng d
040 _aLK-CoDNM
_dLK-CoDNM
_eLK-CoDNM
041 _aeng
080 _a50
_bC15
245 _aHadoon Hill School Magazine
260 _bPearl Press
_aDehiwala
_c1923
300 _b44P,1ill., 21 cm
942 _cBK
999 _c91496
_d91496